000 00571nam a2200205Ia 4500
005 20250923145403.0
008 008 250917s9999 xx 000 0 eng d
037 _aTextual
040 _aDSWL
_beng
_cDSWL
041 _aeng
_2eng
084 _aY592.2, N61;6
_qDSWL
100 _aGhurey, G.S.
_9834764
245 0 _aCaste class and occupation
_c by G.S. Ghurey
260 _aBombay
_bPopular Book Depot
_c1961
300 _a356 p.
365 _aINR
_b20 . 0
925 _g20 . 0
942 _cTEXL
_hY592.2, N61;6
999 _c1450754
_d1450754